| 000 | 00934nam a22002537a 4500 | ||
|---|---|---|---|
| 999 |
_c64163 _d64163 |
||
| 005 | 20240530110717.0 | ||
| 008 | 180311s2016 ua g 000 | ara d | ||
| 017 |
_a2016/19578 _bمصر. دار الكتب |
||
| 020 | _a9789773193072 | ||
| 040 |
_aEG-CaGPL _cEG-CaGPL |
||
| 082 | 0 | 4 |
_221 _a956.02 / _bم هـ |
| 100 | 1 | _aماكنمارا، روبرت | |
| 245 | 1 | 2 |
_aالهاشميون وحلم العرب / _cروبرت ماكنمارا ؛ ترجمة منال حامد |
| 250 | _aط. 1 | ||
| 260 |
_aالقاهرة : _bالعربى للنشر و التوزيع ، _c2016. |
||
| 300 |
_a240 ص. ؛ _c19 سم. |
||
| 600 | 0 | _aجورج حبيب انطونيوس | |
| 650 |
_2qrmak _aرسائل مكماهون |
||
| 651 | 0 |
_2qrmak _aالسعودية _xتاريخ |
|
| 651 | 0 |
_2qrmak _aالجزيرة العربية |
|
| 700 | 0 |
_aمنال حامد _eمترجم |
|
| 942 |
_2ddc _cBK |
||